000 01034cam a22002291i 4500
003 SA-RiAUC
005 20250118124429.0
008 250103s1979 ua g 000 0 ara c
040 _aJO-AmJU
_bara
_cSA-RiAUC
_erda
082 0 4 _a253.91
090 _a253.91 ش ي خ
_b253.91 ش ي خ
100 1 _aالشيخ، عبد الفتاح الحسيني
_eمؤلف.
245 1 2 _aالإكراه وأثره في الأحكام الشرعية :
_bدراسة مقارنة قائمة على الاستقصاء للفروع العقائدية والفقهية /
_cعبد الفتاح الحسيني الشيخ.
264 1 _aالقاهرة :
_aطنطا، مصر :
_bدار الكتاب الجامعي ؛
_bدار الاتحاد العربي،
_c1979
300 _a255 صفحة
336 _aنص
_btxt
_2rdacontent
_3كتاب
337 _aبدون وسيط
_bn
_2rdamedia
338 _aمجلد
_bnc
_2rdacarrier
650 7 _aالإكراه (فقه إسلامي)
_2aucsh
942 _2ddc
_cBOOK
_n0
949 _aSA-JeALM
_d250103
_umohamedma123
_n1
999 _c4923
_d4923